[Event "Reykjavik op"]
[Site "Reykjavik"]
[Date "2024.03.21"]
[Round "9"]
[White "Erlbeck, Peter"]
[Black "Fanos, Haralambos"]
[Result "1-0"]
[WhiteElo "2014"]
[BlackElo "1872"]
[PlyCount "99"]
[EventDate "2024.03.15"]
[EventType "swiss"]
[EventRounds "9"]
[EventCountry "ISL"]
[SourceTitle "CB13_2024"]
[SourceDate "2024.03.27"]
[SourceVersion "1"]
[SourceVersionDate "2024.03.27"]
[SourceQuality "1"]

1. e4 e5 2. Nf3 Nf6 3. Nxe5 d6 4. Nxf7 Kxf7 5. d4 c5 6. dxc5 d5 7. e5 Ng4 8. Bd3 Bxc5 9. 0-0 Qh4 10. Bf4 Bxf2+ 11. Kh1 Ke8 12. Bb5+ Nc6 13. Qxd5 Rf8 14. Bxc6+ bxc6 15. Qxc6+ Bd7 16. Qxa8+ Ke7 17. Qf3 Rf5 18. Nd2 Be3 19. Qg3 Qxg3 20. Bxg3 Bxd2 21. Rxf5 Bxf5 22. Rd1 Be3 23. Re1 Bb6 24. c3 Ke6 25. h3 Nf2+ 26. Kh2 Nd3 27. Re2 g5 28. b4 Bc7 29. a4 h5 30. h4 gxh4 31. Bxh4 Kd5 32. Bg3 Nxe5 33. Kh1 Bg4 34. Re3 Bd7 35. b5 Bf5 36. Re2 Bd3 37. Rf2 Kc4 38. Bxe5 Bxe5 39. Rf7 Bxc3 40. Rxa7 Bd4 41. Rd7 Bf5 42. Rd6 Bc5 43. Rh6 Bd7 44. Rxh5 Kb4 45. Rh4+ Kc3 46. Rh7 Be6 47. Kh2 Bb6 48. g3 Bg4 49. Rh6 Bc5 50. Rc6 1-0

[Event "Mittelfrank Regionalliga Nord-Ost 2122"]
[Site "Mittelfranken"]
[Date "2021.11.14"]
[Round "2.3"]
[White "Erlbeck, Peter"]
[Black "Petras, Milan"]
[Result "1/2-1/2"]
[WhiteElo "1987"]
[BlackElo "1928"]
[PlyCount "84"]
[EventDate "2021.10.24"]
[EventType "team-tourn"]
[EventRounds "9"]
[EventCountry "GER"]
[SourceTitle "EXT 2024"]
[Source "ChessBase"]
[SourceDate "2023.10.10"]
[SourceVersion "1"]
[SourceVersionDate "2023.10.10"]
[SourceQuality "1"]
[WhiteTeam "Nuernberg Sued SW II"]
[BlackTeam "Heng Postbauer"]
[WhiteTeamCountry "GER"]
[BlackTeamCountry "GER"]

1. e4 e6 2. d4 d5 3. e5 c5 4. c3 Qb6 5. Nf3 Bd7 6. Be2 Nc6 7. 0-0 Nh6 8. dxc5 Qc7 9. b4 Nxe5 10. Nxe5 Qxe5 11. Re1 Qc7 12. Bxh6 gxh6 13. Qd4 Rg8 14. Bf3 0-0-0 15. a4 Bg7 16. Qd1 d4 17. c4 Bc6 18. Nd2 d3 19. Ra3 Bb2 20. Ra2 Bc3 21. b5 Bxf3 22. Qxf3 Rg5 23. c6 bxc6 24. Rf1 Rf5 25. Qd1 Rf4 26. Qb3 Ba5 27. g3 Rfd4 28. Kg2 e5 29. Rb1 c5 30. Qd1 Qb7+ 31. Kg1 Bxd2 32. Rxd2 e4 33. Qg4+ Qd7 34. Qf4 Kb7 35. a5 Rxc4 36. a6+ Kb6 37. Qxh6+ Qe6 38. Qg5 Qd5 39. Qf6+ Rd6 40. Qh8 Rd8 41. Qf6+ Rd6 42. Qh8 Rd8 1/2-1/2

[Event "Mittelfrank Regionalliga Nord-Ost 2122"]
[Site "Mittelfranken"]
[Date "2021.10.24"]
[Round "1.2"]
[White "Erlbeck, Peter"]
[Black "Hollmann, Thomas"]
[Result "1-0"]
[WhiteElo "1987"]
[BlackElo "1857"]
[PlyCount "55"]
[EventDate "2021.10.24"]
[EventType "team-tourn"]
[EventRounds "9"]
[EventCountry "GER"]
[SourceTitle "EXT 2024"]
[Source "ChessBase"]
[SourceDate "2023.10.10"]
[SourceVersion "1"]
[SourceVersionDate "2023.10.10"]
[SourceQuality "1"]
[WhiteTeam "Nuernberg Sued SW II"]
[BlackTeam "Buechenbach/Roth"]
[WhiteTeamCountry "GER"]
[BlackTeamCountry "GER"]

1. e4 e6 2. d4 d5 3. e5 c5 4. c3 Nc6 5. Nf3 Qb6 6. a3 Bd7 7. Be2 f6 8. 0-0 cxd4 9. cxd4 fxe5 10. dxe5 Nge7 11. Nc3 Ng6 12. Be3 Qc7 13. Nb5 Qb8 14. Bd4 a6 15. Nc3 Ngxe5 16. Nxe5 Nxe5 17. Bh5+ Ng6 18. Nxd5 exd5 19. Re1+ Be7 20. Be5 Qa7 21. Bxg6+ hxg6 22. Qxd5 Rf8 23. Bd4 b6 24. Bxb6 Qxb6 25. Qxa8+ Kf7 26. Qf3+ Bf6 27. Rad1 Ba4 28. Qd5+ 1-0

[Event "Mittelfranken-ch HT"]
[Site "Nuremberg"]
[Date "2019.04.19"]
[Round "8.2"]
[White "Reis, Gerhard"]
[Black "Erlbeck, Peter"]
[Result "1-0"]
[WhiteElo "2200"]
[BlackElo "2069"]
[PlyCount "73"]
[EventDate "2019.04.16"]
[EventType "swiss"]
[EventRounds "9"]
[EventCountry "GER"]
[SourceTitle "EXT 2022"]
[Source "ChessBase"]
[SourceDate "2021.10.06"]
[SourceVersion "1"]
[SourceVersionDate "2021.10.06"]
[SourceQuality "1"]

1. d4 f5 2. g3 Nf6 3. Bg2 g6 4. Nf3 Bg7 5. 0-0 d6 6. c4 0-0 7. Nc3 Qe8 8. d5 Na6 9. Rb1 Bd7 10. b4 c6 11. dxc6 bxc6 12. a3 h6 13. Bb2 g5 14. c5 dxc5 15. Ne5 Nc7 16. b5 Rd8 17. Nxd7 Qxd7 18. Bxc6 Qxd1 19. Rfxd1 Ng4 20. Nd5 Nxd5 21. Rxd5 e6 22. Rxc5 Rd2 23. Bxg7 Kxg7 24. Bf3 Rf7 25. Rbc1 Ra2 26. R1c3 Kf6 27. Rc7 Rxc7 28. Rxc7 Rxa3 29. Bb7 Ra1+ 30. Kg2 Ne5 31. Ba6 f4 32. gxf4 gxf4 33. Rxa7 f3+ 34. exf3 Nd3 35. b6 Nf4+ 36. Kg3 Ke5 37. b7 1-0

[Event "Regionalliga Nord-Ost 1819"]
[Site "Bayern"]
[Date "2019.02.24"]
[Round "7.8"]
[White "Erlbeck, Peter"]
[Black "Roth, Hubert"]
[Result "1-0"]
[WhiteElo "1965"]
[BlackElo "1880"]
[PlyCount "57"]
[EventDate "2018.10.21"]
[EventType "team-tourn"]
[EventRounds "9"]
[EventCountry "GER"]
[SourceTitle "EXT 2022"]
[Source "ChessBase"]
[SourceDate "2021.10.06"]
[SourceVersion "1"]
[SourceVersionDate "2021.10.06"]
[SourceQuality "1"]
[WhiteTeam "Nuernberg Sued SW II"]
[BlackTeam "Rothenburg"]
[WhiteTeamCountry "GER"]
[BlackTeamCountry "GER"]

1. e4 e5 2. Nf3 Nc6 3. Bb5 f5 4. Bxc6 dxc6 5. Nc3 Bd6 6. d4 exd4 7. Qxd4 Qe7 8. 0-0 Bc5 9. Qd3 Nf6 10. e5 Ng4 11. Bg5 Nxe5 12. Nxe5 Qxg5 13. Rfe1 Be7 14. Rad1 Qf6 15. Nd7 Qg5 16. h4 Qg6 17. Rxe7+ Kxe7 18. Re1+ Qe6 19. Rxe6+ Kxe6 20. Nc5+ Kf7 21. Qc4+ Kf6 22. Qf4 Re8 23. N3e4+ Kf7 24. Ng5+ Kg6 25. Qxc7 Re1+ 26. Kh2 Rd1 27. Nd3 a5 28. Nf4+ Kh6 29. Nf7# 1-0

[Event "Regionalliga Nord-Ost 1819"]
[Site "Bayern"]
[Date "2018.12.16"]
[Round "4.7"]
[White "Erlbeck, Peter"]
[Black "Meindl, Adolf"]
[Result "1/2-1/2"]
[WhiteElo "1965"]
[BlackElo "1763"]
[PlyCount "60"]
[EventDate "2018.10.21"]
[EventType "team-tourn"]
[EventRounds "9"]
[EventCountry "GER"]
[SourceTitle "EXT 2022"]
[Source "ChessBase"]
[SourceDate "2021.10.06"]
[SourceVersion "1"]
[SourceVersionDate "2021.10.06"]
[SourceQuality "1"]
[WhiteTeam "Nuernberg Sued SW II"]
[BlackTeam "Bad Koetzting"]
[WhiteTeamCountry "GER"]
[BlackTeamCountry "GER"]

1. e4 d5 2. exd5 Qxd5 3. Nc3 Qd6 4. d4 Nf6 5. Nf3 c6 6. Bc4 Bg4 7. Be3 e6 8. h3 Bh5 9. g4 Bg6 10. Ne5 Nbd7 11. Nxd7 Qxd7 12. Qe2 Bb4 13. 0-0-0 Nd5 14. Nxd5 exd5 15. Bd3 0-0-0 16. Bxg6 hxg6 17. Qf3 f6 18. Rd3 Rde8 19. Bd2 Bxd2+ 20. Kxd2 Re4 21. Re1 Rhe8 22. Ree3 Qd6 23. c3 Qh2 24. Qe2 Qf4 25. Kd1 Kd7 26. Rxe4 Rxe4 27. Re3 Rxe3 28. Qxe3 Qxe3 29. fxe3 g5 30. Ke2 Ke6 1/2-1/2

[Event "Regionalliga Nord-Ost 1718"]
[Site "Bayern"]
[Date "2018.02.25"]
[Round "7.6"]
[White "Erlbeck, Peter"]
[Black "Goetz, Dieter"]
[Result "1-0"]
[WhiteElo "1978"]
[BlackElo "1865"]
[PlyCount "43"]
[EventDate "2017.10.22"]
[EventType "team-tourn"]
[EventRounds "9"]
[EventCountry "GER"]
[SourceTitle "EXT 2022"]
[Source "ChessBase"]
[SourceDate "2021.10.06"]
[SourceVersion "1"]
[SourceVersionDate "2021.10.06"]
[SourceQuality "1"]
[WhiteTeam "Nuernberg Sued SW II"]
[BlackTeam "Nuernberg SK 1911"]
[WhiteTeamCountry "GER"]
[BlackTeamCountry "GER"]

1. e4 d6 2. d4 Nf6 3. Nc3 c6 4. f4 Qa5 5. Bd3 e5 6. Nf3 Bg4 7. dxe5 dxe5 8. fxe5 Bxf3 9. Qxf3 Qxe5 10. Bf4 Qa5 11. 0-0 Bc5+ 12. Kh1 0-0 13. e5 Ne8 14. Qh3 g6 15. Rae1 Ng7 16. Bh6 Bd4 17. Ne4 Bxe5 18. Ng5 Bxb2 19. Bxg7 Qxg5 20. Bxb2 h5 21. Re5 Qg4 22. Qe3 1-0

[Event "Mittelfranken-ch HT 66th"]
[Site "Uttenreuth"]
[Date "2017.04.15"]
[Round "9"]
[White "Boehme, Sebastian1111"]
[Black "Erlbeck, Peter"]
[Result "1/2-1/2"]
[WhiteElo "2122"]
[BlackElo "2061"]
[PlyCount "123"]
[EventDate "2017.04.11"]
[EventType "swiss"]
[EventRounds "9"]
[EventCountry "GER"]
[SourceTitle "EXT 2020"]
[Source "ChessBase"]
[SourceDate "2019.10.17"]
[SourceVersion "1"]
[SourceVersionDate "2019.10.17"]
[SourceQuality "1"]

1. e4 c5 2. Nf3 Nc6 3. Bb5 g6 4. Bxc6 dxc6 5. d3 Bg7 6. h3 Nf6 7. 0-0 e5 8. Nxe5 Nxe4 9. Nxf7 Kxf7 10. dxe4 Qf6 11. c3 Be6 12. Nd2 Rhf8 13. Qf3 Kg8 14. Qxf6 Rxf6 15. Nf3 Bxh3 16. gxh3 Rxf3 17. Be3 Rxh3 18. Rad1 Rf3 19. Bxc5 Rf7 20. Rd3 b6 21. Be3 Re8 22. f3 c5 23. Kg2 h6 24. Rd6 g5 25. a4 g4 26. Bxh6 Bxh6 27. Rxh6 gxf3+ 28. Rxf3 Rg7+ 29. Kf2 Rxe4 30. a5 bxa5 31. Rf5 Re8 32. Rc6 Rb8 33. Rcxc5 Rxb2+ 34. Ke3 Rb8 35. Rxa5 Rg3+ 36. Kd4 Rg4+ 37. Kd3 Rc8 38. Rfc5 Rxc5 39. Rxc5 Ra4 40. Rf5 a5 41. c4 Ra1 42. Kc2 Kg7 43. Kb2 Kg6 44. Rf3 Ra4 45. Kb3 Rb4+ 46. Kc3 Rb8 47. Kd4 a4 48. Kd5 Rb3 49. Rf1 a3 50. Kd6 a2 51. Ra1 Rb6+ 52. Kc7 Rb2 53. c5 Kf6 54. c6 Ke6 55. Kc8 Kd6 56. c7 Rh2 57. Rd1+ Kc6 58. Rc1+ Kd6 59. Kb8 Rb2+ 60. Ka7 Rb1 61. Rxb1 axb1Q 62. c8Q 1/2-1/2

[Event "Mittelfranken-ch HT 66th"]
[Site "Uttenreuth"]
[Date "2017.04.12"]
[Round "4"]
[White "Erlbeck, Peter"]
[Black "Boehme, Markus"]
[Result "1/2-1/2"]
[WhiteElo "2061"]
[BlackElo "1957"]
[PlyCount "32"]
[EventDate "2017.04.11"]
[EventType "swiss"]
[EventRounds "9"]
[EventCountry "GER"]
[SourceTitle "EXT 2020"]
[Source "ChessBase"]
[SourceDate "2019.10.17"]
[SourceVersion "1"]
[SourceVersionDate "2019.10.17"]
[SourceQuality "1"]

1. e4 c6 2. d4 d5 3. exd5 cxd5 4. c4 Nf6 5. Nc3 Nc6 6. Bg5 Be6 7. a3 g6 8. Bxf6 exf6 9. Nf3 Bg7 10. Be2 0-0 11. 0-0 Qd7 12. b4 Rfd8 13. b5 Na5 14. c5 Nc4 15. a4 g5 16. Ra2 g4 1/2-1/2

[Event "Mittelfranken-ch HT 66th"]
[Site "Uttenreuth"]
[Date "2017.04.11"]
[Round "2"]
[White "Erlbeck, Peter"]
[Black "Bauer, Karlheinz"]
[Result "1-0"]
[WhiteElo "2061"]
[BlackElo "2230"]
[PlyCount "101"]
[EventDate "2017.04.11"]
[EventType "swiss"]
[EventRounds "9"]
[EventCountry "GER"]
[SourceTitle "EXT 2020"]
[Source "ChessBase"]
[SourceDate "2019.10.17"]
[SourceVersion "1"]
[SourceVersionDate "2019.10.17"]
[SourceQuality "1"]

1. e4 c5 2. Nc3 d6 3. f4 Nc6 4. Nf3 e6 5. Bb5 a6 6. Bxc6+ bxc6 7. d3 Nf6 8. 0-0 Be7 9. Qe1 Nd7 10. Kh1 Bb7 11. Qg3 g6 12. b3 Qc7 13. Bb2 0-0-0 14. Na4 f6 15. Bc3 Rde8 16. Qe1 Bd8 17. Qf2 e5 18. Qe3 Nf8 19. Nd2 Ne6 20. f5 Nd4 21. Rac1 gxf5 22. exf5 Rhg8 23. Ne4 Nb5 24. Be1 Qg7 25. Qh3 Bc7 26. Bh4 Ref8 27. c3 Qe7 28. Rf3 d5 29. Nexc5 Bd6 30. Nxb7 Kxb7 31. Rg3 e4 32. Rxg8 Rxg8 33. dxe4 dxe4 34. Qe3 c5 35. Bg3 Bxg3 36. hxg3 Kc6 37. b4 Qe5 38. Nxc5 Rxg3 39. Qxe4+ Qxe4 40. Nxe4 Re3 41. Nxf6 Rxc3 42. Rf1 Nd6 43. Nxh7 Kb5 44. f6 Rc7 45. Ng5 Kxb4 46. Rf3 a5 47. Kh2 a4 48. a3+ Kc4 49. f7 Nxf7 50. Nxf7 Kc5 51. Rc3+ 1-0

[Event "Regionalliga NO 1617"]
[Site "Bayern"]
[Date "2017.04.02"]
[Round "8.4"]
[White "Erlbeck, Peter"]
[Black "Turner, Radek"]
[Result "1-0"]
[WhiteElo "2019"]
[BlackElo "2005"]
[PlyCount "119"]
[EventDate "2016.10.16"]
[EventType "team-tourn"]
[EventRounds "9"]
[EventCountry "GER"]
[SourceTitle "EXT 2019"]
[Source "ChessBase"]
[SourceDate "2018.10.10"]
[SourceVersion "1"]
[SourceVersionDate "2018.10.10"]
[SourceQuality "1"]
[WhiteTeam "Nuernberg Sued SW II"]
[BlackTeam "Regensburg Turnerschaft"]
[WhiteTeamCountry "GER"]
[BlackTeamCountry "GER"]

1. e4 e6 2. d4 d5 3. e5 c5 4. c3 Nc6 5. Nf3 Qb6 6. a3 Nh6 7. b4 cxd4 8. cxd4 Nf5 9. Bb2 Bd7 10. g4 Nh6 11. Rg1 Rc8 12. Nc3 Na5 13. Na4 Qc6 14. Rc1 Nc4 15. Bxc4 dxc4 16. Nc3 b5 17. Kf1 Ng8 18. d5 exd5 19. Nd4 Qb7 20. Qe2 Ne7 21. e6 fxe6 22. Nxe6 Bxe6 23. Qxe6 Qc6 24. Qxc6+ Rxc6 25. Nxb5 a6 26. Nd4 Rg6 27. Rg3 Kd7 28. Rd1 h5 29. g5 h4 30. Rg4 Nc6 31. Nf5 Ke6 32. Nxh4 Rxh4 33. Rxh4 Rxg5 34. Rh3 Bd6 35. Re3+ Kf7 36. Rf3+ Kg6 37. h4 Rh5 38. Ke2 Be5 39. Rxd5 Bxb2 40. Rd6+ Kh7 41. Rxc6 c3 42. Rc4 a5 43. bxa5 Rxa5 44. a4 Re5+ 45. Re3 Rd5 46. Rd3 Ra5 47. Kd1 Rf5 48. f3 Re5 49. Rcxc3 Bxc3 50. Rxc3 Rd5+ 51. Ke2 Rd4 52. Ra3 Rxh4 53. a5 Kg6 54. a6 Rh8 55. a7 Ra8 56. Ra5 Kf6 57. Ke3 Ke6 58. Kf4 Kf6 59. Ra6+ Kf7 60. Kg5 1-0

[Event "Regionalliga NO 1617"]
[Site "Bayern"]
[Date "2017.02.19"]
[Round "6.4"]
[White "Stoeckl, Stephan"]
[Black "Erlbeck, Peter"]
[Result "1-0"]
[WhiteElo "2028"]
[BlackElo "2019"]
[PlyCount "63"]
[EventDate "2016.10.16"]
[EventType "team-tourn"]
[EventRounds "9"]
[EventCountry "GER"]
[SourceTitle "EXT 2019"]
[Source "ChessBase"]
[SourceDate "2018.10.10"]
[SourceVersion "1"]
[SourceVersionDate "2018.10.10"]
[SourceQuality "1"]
[WhiteTeam "Schwandorf"]
[BlackTeam "Nuernberg Sued SW II"]
[WhiteTeamCountry "GER"]
[BlackTeamCountry "GER"]

1. Nf3 g6 2. c4 Bg7 3. g3 f5 4. Bg2 Nf6 5. 0-0 0-0 6. Nc3 d6 7. d3 Nc6 8. Rb1 e5 9. b4 h6 10. b5 Ne7 11. Bb2 g5 12. a4 Qe8 13. c5 e4 14. cxd6 cxd6 15. dxe4 fxe4 16. Nd4 d5 17. Ba3 Rf7 18. Qb3 Qd8 19. Rbd1 Bg4 20. h3 Bd7 21. Bxe7 Qxe7 22. Nxd5 Nxd5 23. Qxd5 Re8 24. e3 Bc8 25. Qc4 Kh8 26. Rc1 Rd8 27. Rfd1 Rdf8 28. Rd2 Be5 29. Qc5 Bd6 30. Qd5 Bb4 31. Rdc2 Re8 32. Rxc8 1-0

[Event "Landesliga Nord 1516"]
[Site "Bayern"]
[Date "2016.04.10"]
[Round "9.8"]
[White "Rein, Iwan"]
[Black "Erlbeck, Peter"]
[Result "1-0"]
[WhiteElo "2078"]
[BlackElo "1964"]
[PlyCount "107"]
[EventDate "2015.10.11"]
[EventType "team-tourn"]
[EventRounds "9"]
[EventCountry "GER"]
[SourceTitle "EXT 2018"]
[Source "ChessBase"]
[SourceDate "2017.10.13"]
[SourceVersion "1"]
[SourceVersionDate "2017.10.13"]
[SourceQuality "1"]
[WhiteTeam "Bindlach Aktionaer II"]
[BlackTeam "Nuernberg Sued SW"]
[WhiteTeamCountry "GER"]
[BlackTeamCountry "GER"]

1. d4 f5 2. c4 Nf6 3. Nc3 g6 4. Nf3 Bg7 5. g3 0-0 6. Bg2 d6 7. 0-0 Qe8 8. b3 h6 9. Bb2 g5 10. Nb5 Na6 11. Rb1 c6 12. Nc3 Qh5 13. Nd2 f4 14. e3 Bg4 15. f3 fxg3 16. hxg3 Be6 17. a3 d5 18. c5 Nc7 19. Rf2 Qg6 20. Nf1 Rf7 21. Bc1 Raf8 22. Rbb2 h5 23. a4 g4 24. f4 Bf5 25. Qe1 Qh7 26. Bh1 Ne6 27. b4 h4 28. Rh2 h3 29. b5 cxb5 30. Rxb5 Nd8 31. Nxd5 Bd3 32. Rbb2 Be4 33. Nc3 Bxh1 34. Rxh1 e6 35. Qe2 Qg6 36. Qc2 Qxc2 37. Rxc2 Nc6 38. Ba3 Kh7 39. Nd2 Kg6 40. Nde4 Nd5 41. Nxd5 exd5 42. Nd6 Re7 43. f5+ Kh5 44. Kf2 Nxd4 45. exd4 Bxd4+ 46. Kf1 Re3 47. Bc1 Rxg3 48. Re2 Rf3+ 49. Ke1 Bxc5 50. Re6 Kh4 51. Nxb7 Bb4+ 52. Ke2 R8xf5 53. Be3 Rh5 54. Rg6 1-0